00970nam a2200229 i 4500003000900000005001700009007000300026008004100029020001800070040003000088082001900118100004900137245006800186264006100254300002800315336002700343337003300370338002800403500020400431500007000635504003500705DO-SdBNP20250403140749.0ta250403b2013 dr ||||| |||| 00| 0 spa d a9789945473919 aDO-SdBNPbspacBNPHUerda 4axxxbV686v2221 aVargas García, Ysidro,d1967-eautor4aut.10aViolencia de género e intrafamiliar /cYsidro Vargas García 4aSanto Domingo :bEditora Roca Artes Gráficas,c©2013. a274 páginas ;c22 cm. atextobtxt2rdacontent asin mediaciónbn2rdamedia avolumenbnc2rdacarrier aLa violencia de género e intrafamiliar es un mal común de la humanidad actual y solo la educación y la fé en Dios nos protegerá de ser la próxima víctima o víctimario de un femicidio. aIncluye datos biográficos del autor en la solapa de la cubierta aBibliografía : páginas 267